[Event "8th Gibtelecom Masters Playoff"]
[Site "Caleta ENG"]
[Date "2010.02.04"]
[Round "1.1"]
[White "Vallejo Pons, F."]
[Black "Sandipan, C."]
[Result "1-0"]
[WhiteElo "2705"]
[BlackElo "2622"]
[PlyCount "87"]
[EventDate "2010.01.26"]

1. e4 c5 2. Nc3 d6 3. Nge2 Nf6 4. d4 cxd4 5. Nxd4 a6 6. Be3 e6 7. f3 b5 8. Qd2
Nbd7 9. g4 h6 10. a3 Bb7 11. O-O-O d5 12. exd5 Nxd5 13. Nxd5 Bxd5 14. Be2 Be7
15. Nf5 O-O 16. Nxe7+ Qxe7 17. g5 h5 18. Qb4 Qxb4 19. axb4 a5 20. Bxb5 axb4 21.
Bxd7 Rfd8 22. b3 Bxf3 23. Ba4 Bxd1 24. Rxd1 Rxd1+ 25. Kxd1 f6 26. g6 Rd8+ 27.
Ke2 Rd5 28. Bc6 Ra5 29. Bd2 Rc5 30. Bd7 e5 31. Be6+ Kh8 32. Bc4 e4 33. Bxb4 Rg5
34. Bd6 Rg2+ 35. Ke3 f5 36. b4 Rxc2 37. Be2 h4 38. b5 h3 39. b6 Rb2 40. Bc7
Rb3+ 41. Kf4 e3 42. Kxf5 Rb2 43. Ke4 Rb3 44. Kf3 1-0

[Event "8th Gibtelecom Masters Playoff"]
[Site "Caleta ENG"]
[Date "2010.02.04"]
[Round "1.2"]
[White "Adams, Mi"]
[Black "Gustafsson, J."]
[Result "1-0"]
[WhiteElo "2694"]
[BlackElo "2627"]
[PlyCount "133"]
[EventDate "2010.01.26"]

1. e4 e5 2. Nf3 Nc6 3. Bb5 a6 4. Ba4 Nf6 5. O-O Be7 6. Re1 b5 7. Bb3 O-O 8. d4
Nxd4 9. Nxd4 exd4 10. e5 Ne8 11. c3 dxc3 12. Nxc3 d6 13. Qf3 Be6 14. Nd5 Bxd5
15. Bxd5 Rb8 16. e6 fxe6 17. Bxe6+ Kh8 18. Qh3 g6 19. Bd2 Bf6 20. Re4 Ng7 21.
Bd5 Qc8 22. Qb3 Qd7 23. Rc1 c5 24. Rce1 c4 25. Qg3 Qf5 26. Bc6 Bxb2 27. Bb4 Rb6
28. R4e2 Rxc6 29. Rxb2 Kg8 30. Rbe2 Rcc8 31. Qxd6 Rce8 32. h3 Rxe2 33. Rxe2 Re8
34. Rxe8+ Nxe8 35. Qe7 Qf7 36. Qe5 Ng7 37. Bc3 h5 38. f3 Qa7+ 39. Kh1 Kh7 40.
a3 Qd7 41. Kh2 Qf7 42. g4 Kg8 43. Kg2 hxg4 44. hxg4 Kh7 45. Qd6 Qe6 46. Qc7 Qg8
47. Qh2+ Nh5 48. gxh5 gxh5+ 49. Kf2 Qg6 50. Qc7+ Kg8 51. Qd8+ Kf7 52. Qd5+ Ke8
53. Qe5+ Kf7 54. Bb4 Qc2+ 55. Kg3 Qg6+ 56. Kh2 Kg8 57. Kh3 Qf7 58. Qg5+ Kh7 59.
f4 Qe6+ 60. Kh4 Qe3 61. Qxh5+ Kg8 62. Qd5+ Kh7 63. Qf5+ Kg8 64. Qg6+ Kh8 65.
Bd6 Qe1+ 66. Kg5 Qg3+ 67. Kf6 1-0

[Event "8th Gibtelecom Masters Playoff"]
[Site "Caleta ENG"]
[Date "2010.02.04"]
[Round "1.3"]
[White "Adams, Mi"]
[Black "Gustafsson, J."]
[Result "1-0"]
[WhiteElo "2694"]
[BlackElo "2627"]
[PlyCount "91"]
[EventDate "2010.01.26"]

1. e4 e5 2. Nf3 Nc6 3. Bb5 a6 4. Ba4 Nf6 5. Qe2 b5 6. Bb3 Be7 7. O-O O-O 8. c3
d5 9. d3 Be6 10. Rd1 Re8 11. Nbd2 h6 12. Nf1 Bd6 13. Ng3 Ne7 14. d4 dxe4 15.
Nxe5 Bxb3 16. axb3 Ng6 17. Nxg6 fxg6 18. c4 Qd7 19. Be3 Kh7 20. Nf1 c6 21. h3
Qf7 22. Rac1 Rab8 23. cxb5 cxb5 24. Rc6 Bf8 25. Bf4 Qxb3 26. Bxb8 Rxb8 27. Rxa6
Nd5 28. Re1 Re8 29. Qg4 Nf6 30. Qe2 Qd5 31. Ne3 Qxd4 32. Qxb5 Re5 33. Qb3 Qd8
34. Rd1 Qe8 35. Qa4 Qc8 36. b4 Bxb4 37. Rxf6 gxf6 38. Qxb4 h5 39. Qd6 Kg7 40.
Ra1 Qb7 41. Rc1 Re7 42. Nd5 Rf7 43. Rc7 Rxc7 44. Nxc7 Qb2 45. Ne6+ Kf7 46. Qd7+
1-0

[Event "8th Gibtelecom Masters Playoff"]
[Site "Caleta ENG"]
[Date "2010.02.04"]
[Round "2.1"]
[White "Adams, Mi"]
[Black "Vallejo Pons, F."]
[Result "1-0"]
[WhiteElo "2694"]
[BlackElo "2705"]
[PlyCount "85"]
[EventDate "2010.01.26"]

1. e4 e6 2. d4 d5 3. Nd2 c5 4. Ngf3 Nf6 5. e5 Nfd7 6. c3 Nc6 7. Bd3 Qb6 8. O-O
a5 9. a4 Be7 10. dxc5 Qc7 11. Nb3 Ndxe5 12. Nxe5 Qxe5 13. f4 Qc7 14. Be3 g6 15.
Qe1 Bd7 16. Kh1 h5 17. Nd4 Nxd4 18. Bxd4 O-O 19. f5 Bxc5 20. Bxc5 Qxc5 21. fxg6
Qe7 22. Qe5 f5 23. Bxf5 Qf6 24. Qc7 Qg7 25. Bd3 Bc6 26. Qd6 Rae8 27. h3 e5 28.
Bb5 Qe7 29. Rxf8+ Qxf8 30. Qc7 Qg7 31. Qxa5 Qxg6 32. Bxc6 Qxc6 33. Rd1 Kh8 34.
Rxd5 Rg8 35. Qb5 Qh6 36. Qe2 Qc1+ 37. Rd1 Qg5 38. a5 h4 39. Qe4 Rf8 40. Qxb7
Qf4 41. Qd5 e4 42. Re1 e3 43. Qd4+ 1-0